000 01159cam a2200337 a 4500
001 000007929
005 20200929154344.0
008 921211s1992 sp a 001 f spa d
020 _a8478801561
040 _aDO-SdBNP
_cMdBJ
_dNN
_dDLC
082 _a808.803
_bV567d
245 0 0 _aVerte desnudo /
_cMercedes Abad [et al.] ; edición, Lourdes Ortiz ; ilustraciones de interior, Manuel Lago Alonso.
260 _a[Madrid] :
_bTemas de Hoy,
_c1992.
300 _a151 p. ;
_c21 cm.
490 1 _aBiblioteca Erótica
_vno. 19
650 4 _aLiteratura erótica
_921715
650 4 _aNovela erótica
_921716
650 4 _aLiteratura erótica española
_921717
700 1 _aOrtiz, Lourdes,
_eed.
_99130
700 1 _aLago Alonso, Manuel,
_eil.
_921718
700 1 _aAbad, Mercedes,
_d1961-
_921719
700 1 _aCohen, Emma
_921720
700 1 _aJanés, Clara
_921721
700 1 _aPedraza, Pilar
_921722
700 1 _aPereda, Rosa María
_921723
700 1 _aPeri Rossi, Cristina
_921724
700 1 _aPottecher, Beatriz
_921725
700 1 _aRossetti, Ana
_921726
830 0 _aBiblioteca Erótica ;
_vno. 19
_921727
910 _aCatalogación por copia / LC
999 _c7707
_d7707